000 00301nam a22001337a 4500
008 171024b xxu||||| |||| 00| 0 eng d
020 _a639785316756
041 _aeng
080 _22ND
_a311
100 _a55
101 _aSTA
245 _aPROBABILITY AND STATISTICS
_cSPIEGEL,M.R
942 _2udc
_cBK
999 _c35687
_d35687